Turkey unveiled : (Record no. 565)

000 -LEADER
fixed length control field 01233nam a22003857a 4500
001 - CONTROL NUMBER
control field 4501972
003 - CONTROL NUMBER IDENTIFIER
control field OSt
005 - DATE AND TIME OF LATEST TRANSACTION
control field 20210420080345.0
008 - FIXED-LENGTH DATA ELEMENTS--GENERAL INFORMATION
fixed length control field 971201s1997 enkabcf b 001 0deng d
010 ## - LIBRARY OF CONGRESS CONTROL NUMBER
LC control number 97220223
020 ## - INTERNATIONAL STANDARD BOOK NUMBER
International Standard Book Number 0719556538
035 ## - SYSTEM CONTROL NUMBER
System control number (OCoLC)37415417
040 ## - CATALOGING SOURCE
Original cataloging agency IXA
Transcribing agency IXA
Modifying agency DLC
Language of cataloging eng
041 ## - LANGUAGE CODE
Language code of text/sound track or separate title eng
042 ## - AUTHENTICATION CODE
Authentication code lccopycat
050 00 - LIBRARY OF CONGRESS CALL NUMBER
Classification number DR576
Item number .P68 1997
080 ## - UNIVERSAL DECIMAL CLASSIFICATION NUMBER
Universal Decimal Classification number 94
Item number P-84
082 00 - DEWEY DECIMAL CLASSIFICATION NUMBER
Classification number 956.1/02
Edition number 21
100 1# - MAIN ENTRY--PERSONAL NAME
Personal name Pope, Nicole.
245 10 - TITLE STATEMENT
Title Turkey unveiled :
Remainder of title Atatürk and after /
Statement of responsibility, etc. Nicole and Hugh Pope.
260 ## - PUBLICATION, DISTRIBUTION, ETC.
Place of publication, distribution, etc. London :
Name of publisher, distributor, etc. John Murray,
Date of publication, distribution, etc. c1997.
300 ## - PHYSICAL DESCRIPTION
Extent xi, 373 p., [16] p. of plates :
Other physical details ill., maps, ports. ;
Dimensions 25 cm.
365 ## - TRADE PRICE
Price amount 32 gbp
504 ## - BIBLIOGRAPHY, ETC. NOTE
Bibliography, etc. note Includes bibliographical references (p. [363]-366) and index.
600 10 - SUBJECT ADDED ENTRY--PERSONAL NAME
Personal name Atatürk, Kemal,
Dates associated with a name 1881-1938.
650 #0 - SUBJECT ADDED ENTRY--TOPICAL TERM
9 (RLIN) 252
Topical term or geographic name entry element History
651 #0 - SUBJECT ADDED ENTRY--GEOGRAPHIC NAME
Geographic name Turkey
General subdivision Politics and government
Chronological subdivision 1909-
651 #0 - SUBJECT ADDED ENTRY--GEOGRAPHIC NAME
Geographic name Turkey
General subdivision Civilization
Chronological subdivision 20th century.
653 ## - INDEX TERM--UNCONTROLLED
Uncontrolled term ისტორია
653 ## - INDEX TERM--UNCONTROLLED
Uncontrolled term თურქეთის ისტორია
700 1# - ADDED ENTRY--PERSONAL NAME
Personal name Pope, Hugh.
906 ## - LOCAL DATA ELEMENT F, LDF (RLIN)
a 7
b cbc
c copycat
d 3
e ncip
f 19
g y-gencatlg
942 ## - ADDED ENTRY ELEMENTS (KOHA)
Source of classification or shelving scheme
Koha item type Books
Holdings
Withdrawn status Lost status Source of classification or shelving scheme Damaged status Not for loan Permanent location Current location Date acquired Inventory number Total Checkouts Full call number Barcode Date last seen Price effective from Koha item type
          Ken Walker International University Ken Walker International University 12/12/2020 737   94 P-84 737 12/12/2020 12/12/2020 Books
          Ken Walker International University Ken Walker International University 02/04/2021 366   94 P-84 366 02/04/2021 02/04/2021 Books

Powered by Koha